000 00300nam a22001337a 4500
008 171010b xxu||||| |||| 00| 0 eng d
020 _a9780767416146
041 _aeng
080 _24TH
_a316
100 _a50
101 _aSOC
245 _aSEX& GENDER AN INTRODUCTION
_cLIPS,H,M
942 _2udc
_cBK
999 _c32762
_d32762